| 000 | 00709cab a2200229 4500 | ||
|---|---|---|---|
| 001 | WB3204-52 | ||
| 008 | 090401t1996 xxu||||| |||| 00| 0 eng d | ||
| 035 | _a(Sirsi) u8669 | ||
| 041 | _aeng | ||
| 245 | _aMast survey | ||
| 260 | _c1996 | ||
| 350 | _a0 | ||
| 490 |
_aScotsman _v23 January 1996, 27(1) |
||
| 520 | _aStrutt and Parker`s third national survey of radio masts shows that the specialised mast market is becoming more unified now that rents for non-telecommunication masts have risen. | ||
| 650 | _aMASTS | ||
| 650 | _aRADIO MASTS | ||
| 650 | _aTELECOMMUNICATIONS ACT 1984 | ||
| 650 | _aTELECOMMUNICATIONS | ||
| 690 | _aTRANSPORT AND COMMUNICATIONS | ||
| 942 | _n0 | ||
| 948 | _c04/03/1997 | ||
| 999 |
_c5374 _d5374 |
||